00692nam a2200241 a 450000100060000000300080000600500170001400800410003103500190007204000270009104100080011808200240012610000150015024500690016525000170023426000690025130000260032050000190034650500200036565000300038570000170041570000180043262221BD-RjUL20211209081045.0170123r19791976ii a 001 0 eng d a(BD-RjUL)62346 aDLCcWaUdBD-RjULbeng aeng 223a519.5bGOF 19791 aGoon, A.M.10aFundamentals of statistics /cA.M. Goon, M.K. Gupta, B. Dasgupta a5th rev. ed. aCalcutta :bThe World Press Private ltd,c1976 [Reprinted 1979]. a V. :bill. ;c23 cm. aInclude index. aV. 1 -- V. 2 -- aMathematical statistics.  aGupta, M.K.  aDasgupta, B.